Compound Television Quiz Stats

 Plays Quiz Updated Sep 3, 2015

Challenge
Share
Tweet
Embed
Score 0/25 Timer 05:00
0 Plays Today
Title (A) Compound Word % Correct
Beavis and Butt-_____ (1993)Headline
96%
The _____ and Jerry Show (1975)Tomboy
89.3%
Six Feet _____ (2001)Underwear
88.3%
The _____ Wife (2009)Goodnight
86.6%
_____ Park (1997)Southwest
86.2%
Welcome _____, Kotter (1975)Backdrop
86.1%
3rd Rock from the _____ (1996)Sunburn
85.2%
Singled _____ (1995)Outlaw
78.6%
21 Jump _____ (1987)Streetcar
71.7%
My So-Called _____ (1994)Lifeboat
70.8%
One _____ Hill (2003)Treetop
69.4%
_____ Improvement (1991)Homeland
68.6%
_____ in Cleveland (2010)Hothouse
64.9%
Title (A) Compound Word % Correct
Here Comes _____ Boo Boo (2012)Honeymoon
54.2%
Eastbound & _____ (2009)Downhill
52.7%
Orange Is the New _____ (2013)Blackjack
48.1%
_____ and Chicken (1995)Cowbell
39.3%
Grace Under _____ (1993)Firefly
37.5%
Prison _____ (2005)Breakthrough
37.4%
_____ the Dome (2013)Underworld
33.9%
The Walking _____ (2010)Deadpan
33.6%
I Want to _____ for Diddy (2008)Workspace
26.6%
Strangers _____ Candy (1999)Withdrawn
9.2%
_____ Fun Night (2013)Superhuman
6.6%
Spartacus: _____ of the Damned (2010)Wartime
5.8%

You're not logged in!

Compare scores with friends on all Sporcle quizzes.
Join for Free
OR
Log In

You Might Also Like...

Show Comments

Extras

Top Quizzes Today


Score Distribution

Your Account Isn't Verified!

In order to create a playlist on Sporcle, you need to verify the email address you used during registration. Go to your Sporcle Settings to finish the process.

Report this User

Report this user for behavior that violates our Community Guidelines.

Details: